Countries that were in the 2002 FIFA World Cup - Statistics

General Stats
  • This quiz has been taken 44 times
  • The average score is 31 of 32
Answer Stats
Picture Answer % Correct
Denmark
100%
Argentina
98%
Belgium
98%
Brazil
98%
China
98%
Croatia
98%
England
98%
France
98%
Germany
98%
Ireland
98%
Italy
98%
Japan
98%
Mexico
98%
Portugal
98%
Russia
98%
Senegal
98%
South Korea
98%
Spain
98%
Turkey
98%
Uruguay
98%
USA
98%
Nigeria
95%
Poland
95%
Saudi Arabia
95%
South Africa
95%
Sweden
95%
Ecuador
93%
Tunisia
93%
Costa Rica
90%
Paraguay
90%
Slovenia
90%
Cameroon
85%
No matching quizzes found
Score Distribution
Percent of People with Each Score
Percentile by Number Answered
Your Score History
You have not taken this quiz